FIFA Football Confederations - Statistics

General Stats
  • This quiz has been taken 18 times
  • The average score is 5 of 6
Answer Stats
Region Represented Confedration Acronym Name in Full % Correct
Oceania OFC Oceania Football Confedration
93%
Europe UEFA Union of European Football Associations
93%
Asia AFC Asian Football Confedration
86%
Africa CAF Confederation of African Football
86%
North America Central America Caribbean CONCACAF Confederation of North, Central American and Caribbean Association Football
86%
South America CONMEBOL Confederación Sudamericana de Fútbol
71%
No matching quizzes found
Score Distribution
Percent of People with Each Score
Percentile by Number Answered
Your Score History
You have not taken this quiz